| 000 | 03232cam a2200433 i 4500 | ||
|---|---|---|---|
| 003 | SA-RiAUC | ||
| 005 | 20250610105534.0 | ||
| 008 | 250604s2003 jo f b 00000 ara c | ||
| 024 | 0 | _a00000000972334 | |
| 035 | _aADRIF2018-357 | ||
| 040 |
_aSA-RiAUC _bara _cSA-RiAUC _dKAC _erda |
||
| 050 | 4 | _bI26 2003 | |
| 050 | 4 | _b.I26 2003 | |
| 082 | 0 | 4 |
_a257.2 _qSA-RiAUC |
| 090 |
_a257.2 _b ا ب ن ا |
||
| 100 | 1 |
_aابن إبراهيم، عبد الله لام _eمؤلف. |
|
| 245 | 1 | 0 |
_aأحكام الأغنياء / _cعبد الله لام بن إبراهيم ؛ إشراف د. عمر سليمان عبد الله الأشقر. |
| 246 | 3 | 4 |
_aأحكام الأغنياء : _bأحكام غنى المال وضوابط طلبه والانتفاع والتصرف به في الفقه الإسلامي |
| 250 | _aالطبعة الأولى. | ||
| 264 | 1 |
_aعمان، الأردن : _bدار النفائس للنشر والتوزيع، _c2003. |
|
| 300 |
_a335 صفحة ؛ _c24 × 17 سم |
||
| 336 |
_aنص _btxt _2rdacontent _3كتاب |
||
| 337 |
_aبدون وسيط _bn _2rdamedia |
||
| 338 |
_aمجلد _bnc _2rdacarrier |
||
| 500 | _aالأصل أطروحة ماجستير في الفقه وأصوله-الجامعة الأردنية، كلية الشريعة، 2002. | ||
| 500 | _aيشتمل على مستخلص باللغة العربية. | ||
| 504 | _aببليوجرافية : صفحة 315-323. | ||
| 520 | _aيتناول كتاب (أحكام الأغنياء) والذي قام بتأليفه عبد الله لام بن إبراهيم، موضوع (أحكام غنى المال) الكتاب يقدم دراسة في أحكام غنى المال وضوابط طلبه والانتفاع والتصرف به في الشريعة الإسلامية، وآثاره بالبحث مستقاة معلوماتها من الكتاب والسنة، وكتب الفقه والتفسير وشروح الأحاديث، وكتب الأموال والاقتصاد. وتتلخص الدراسة في أن الغنى في الشريعة الإسلامية هو من ملك مال كثير فائض عن كفاية الإنسان، كما أن طلب الغنى مباح في الشريعة، ولا حد لأكثره، ويرجع في تحديد أقله إلى أعراف الناس وهي مختلفة، حيث أن الشارع وضع شروطا يجب التقيد بها عند طلب الغنى، ووضع أحكام تضبط تصرفات الغني في ماله، تهدف إلى رواج المال وحفظه وصونه من الضياع، كما يحرم على الغني السؤال والأخذ من الزكوات. | ||
| 563 | _aمجلد سلوفان. | ||
| 590 | _aحميد. | ||
| 650 | 7 |
_aالثروة _xجوانب دينية _2aucsh |
|
| 650 | 7 |
_aالإسلام والأثرياء _2aucsh |
|
| 650 | 7 |
_aالأموال (فقه إسلامي) _2aucsh |
|
| 650 | 7 |
_aالمعاملات (فقه إسلامي) _2aucsh |
|
| 700 | 1 |
_aالأشقر، عمر سليمان، _d1940-2012 _eمشرف. |
|
| 942 |
_2ddc _cBOOK _n0 |
||
| 949 |
_aSA-JeALM _d250604 _umohamedma123 _n1 |
||
| 999 |
_c8797 _d8797 |
||